|
|
|
|
| LEADER |
00000nam0a2200000 4500 |
| 001 |
296506 |
| 005 |
20231102000919.0 |
| 035 |
|
|
|a (RuTPU)RU\TPU\book\321614
|
| 090 |
|
|
|a 296506
|
| 100 |
|
|
|a 20150601d1970 km y0rusy50 ca
|
| 101 |
0 |
|
|a rus
|
| 102 |
|
|
|a RU
|
| 105 |
|
|
|a a z 001zy
|
| 200 |
1 |
|
|a Взрывозащищенная пускорегулирующая аппаратура и аппаратура управления
|f А. Г. Арнополин, Н. Ф. Шевченко
|
| 210 |
|
|
|a Москва
|c Энергия
|d 1970
|
| 215 |
|
|
|a 168 с.
|c ил.
|
| 320 |
|
|
|a Библиогр.: с. 166-167
|
| 330 |
|
|
|a Приведены основные положения по оформлению технической документации, а также материалы, применяемые при изготовлении и ремонте деталей и узлов взрывозащищенной пускорегулирующей аппаратуры и аппаратуры управления. Даны основные сведения по серийно выпускаемой отечественной промышленностью и зарубежными странами взрывозащищенной аппаратуре и аппаратуре управления. Описаны технологические методы монтажа, эксплуатации и ремонта взрывозащищенной пускорегулирующей аппаратуры.
|
| 606 |
1 |
|
|a Электрооборудование
|x Взрывобезопасность
|2 stltpush
|3 (RuTPU)RU\TPU\subj\20585
|9 45679
|
| 610 |
1 |
|
|a пускорегулирующая аппаратура
|
| 610 |
1 |
|
|a аппаратура управления
|
| 610 |
1 |
|
|a зарубежные страны
|
| 610 |
1 |
|
|a монтаж
|
| 610 |
1 |
|
|a взрывозащищенная аппаратура
|
| 610 |
1 |
|
|a эксплуатация
|
| 610 |
1 |
|
|a ремонт
|
| 675 |
|
|
|a 621.31-2
|v 3
|
| 700 |
|
1 |
|a Арнополин
|b А. Г.
|g Александр Григорьевич
|
| 701 |
|
1 |
|a Шевченко
|b Н. Ф.
|g Николай Филиппович
|
| 801 |
|
1 |
|a RU
|b 63413507
|c 20150601
|
| 801 |
|
2 |
|a RU
|b 63413507
|c 20151212
|g RCR
|
| 942 |
|
|
|c BK
|